Eurowizja 2025 - artyści - Statystyki

Ogólne statystyki
  • Ten quiz został rozwiązany 325 razy
  • Średni wynik to 20 z 37
Statystyki odpowiedzi
Kraj Piosenka Artysta % Poprawnych
Polska Gaja Justyna Steczkowska
94%
Austria Wasted Love JJ
84%
Estonia Espresso Macchiato Tommy Cash
84%
Szwecja Bara Bada Bastu KAJ
70%
Islandia RÓA VÆB
70%
Belgia Strobe Lights Red Sebastian
67%
Finlandia Ich Komme Erika Vikman
65%
Australia Milkshake Man Go-Jo
65%
Norwegia Lighter Kyle Alessandro
65%
Dania Hallucination Sissal
65%
Hiszpania Esa Diva Melody
64%
Grecja Asteromáta Klavdia
61%
Niemcy Baller Abor & Tynna
56%
Armenia Survivor Parg
56%
Irlandia Laika Party EMMY
55%
Wielka Brytania What The Hell Just Happened? Remember Monday
54%
Szwajcaria Voyage Zoë Më
53%
Czechy Kiss Kiss Goodbye ADONXS
51%
Luksemburg La Poupée Monte Le Son Laura Thorn
51%
Włochy Volevo Essere Un Duro Lucio Corsi
51%
Malta Serving Miriana Conte
51%
San Marino Tutta L'Italia Gabry Ponte
50%
Litwa Tavo Akys Katarsis
50%
Ukraina Bird Of Pray Ziferblat
50%
Portugalia Deslocado NAPA
49%
Holandia C'est La Vie Claude
48%
Słowenia How Much Time Do We Have Left Klemen
48%
Francja Maman Louane
48%
Cypr Shh Theo Evan
47%
Albania Zjerm Shkodra Elektronike
46%
Czarnogóra Dobrodošli Nina Žižić
45%
Serbia Mila Princ
45%
Azerbejdżan Run With U Mamagama
44%
Chorwacja Poison Cake Marko Bošnjak
44%
Izrael New Day Will Rise Yuval Raphael
38%
Łotwa Bur Man Laimi Tautumeitas
30%
Gruzja Freedom Mariam Shengelia
26%
Nie znaleziono quizów pasujących do podanych kryteriów
Rozkład punktacji
Procent ludzi z każdym wynikiem
Percentyl według liczby udzielonych odpowiedzi
Twoja historia wyników
Nie rozwiązałeś tego quizu